Statistiques concernant Quizlendrier de l'Avent #9 - Recette géographique - Pudding

Cliquez ici pour prendre le quiz!

Statistiques générales

  • Ce quiz a été pris 83 fois
    (82 depuis la dernière actualisation)
  • Le résultat moyen est 6 sur 10

Réponses sur la Carte

Les réponses sont colorées sur une échelle allant du rouge au vert en fonction du pourcentage des utilisateurs qui les ont devinées à leur premier essai. Vous pouvez retrouver ces pourcentages ci-dessous.
 

Statistiques - réponses

IngrédientsPays% Correct
SucreBrésil
83%
Farine (blé)Chine
83%
OeufsChine
65%
Graisse de bœuf
(bœuf)
Etats-Unis
65%
GingembreInde
58%
Poudre d'amandes
(amandes)
Etats-Unis
57%
LaitInde
52%
Fruits confitsFrance
51%
CacaoCôte d’Ivoire
32%
MuscadeIndonésie
22%

Distribution des résultats

Percentile par nombre de réponses

% des personnes avec chaque résultat

Votre développement - résultats

Vous n’avez pas pris ce quiz depuis la dernière actualisation